[Event "Bayerische EM der Damen 2012"]
[Site "Bayerisch Eisenstein"]
[Date "2012.08.24"]
[Round "7.5"]
[White "Roos, Karin"]
[Black "Homfeldt, Maren"]
[Result "1-0"]
[WhiteElo "1781"]
[BlackElo "836"]
[PlyCount "99"]
[EventDate "2012.??.??"]
[WhiteTeam "FC Bayern München e.V."]
[BlackTeam "SC Noris-Tarrasch Nürnberg 1873"]

1. e4 b6 2. d4 Bb7 3. Bd3 g6 4. Nf3 h6 5. O-O Bg7 6. Nc3 a6 7. Bf4 d6 8. Qe2
Nd7 9. Rad1 e6 10. Rfe1 Ne7 11. h3 O-O 12. Qe3 Kh7 13. e5 d5 14. Ne2 Nf5 15.
Bxf5 exf5 16. c3 Re8 17. Bh2 Bc6 18. Nf4 Ba4 19. b3 Bc6 20. Qd3 Nf8 21. Re3 Ne6
22. Rde1 Nxf4 23. Bxf4 Re6 24. Bg3 Bb5 25. c4 dxc4 26. bxc4 Bc6 27. d5 Bxd5 28.
cxd5 Re7 29. Qc4 g5 30. R3e2 f4 31. Bh2 b5 32. Qc6 Rd7 33. Rd2 f6 34. e6 Rd6
35. Qc2+ Kg8 36. e7 Qe8 37. Qxc7 Qd7 38. Qxd7 Rxd7 39. e8=Q+ Rxe8 40. Rxe8+ Kf7
41. Rde2 Bf8 42. g3 Bd6 43. gxf4 Bxf4 44. Bxf4 gxf4 45. R2e4 Kg6 46. d6 Kf5 47.
R8e7 Rxe7 48. dxe7 Kxe4 49. e8=Q+ Kxf3 50. Qa8+ 1-0

[Event "Bayerische EM der Damen 2012"]
[Site "Bayerisch Eisenstein"]
[Date "2012.08.24"]
[Round "7.6"]
[White "Reichart, Barbara"]
[Black "Zürner, Bianca"]
[Result "1-0"]
[WhiteElo "1543"]
[BlackElo "1514"]
[PlyCount "75"]
[EventDate "2012.??.??"]
[WhiteTeam "SC Gröbenzell"]
[BlackTeam "SV Thiersheim"]

1. d4 d5 2. Bf4 Nf6 3. Nf3 g6 4. e3 Bg7 5. Bd3 O-O 6. O-O c6 7. c4 Nbd7 8. Nc3
b6 9. cxd5 Nxd5 10. Nxd5 cxd5 11. Rc1 Bb7 12. Rc7 e5 13. Rxb7 exf4 14. Qa4 Nf6
15. Rc1 Rc8 16. Rxc8 Qxc8 17. Qxa7 Qc1+ 18. Bf1 fxe3 19. Qa6 exf2+ 20. Kxf2
Ne4+ 21. Kg1 Qe3+ 22. Kh1 Bxd4 23. Nxd4 Qxd4 24. g3 Qxb2 25. Rxb6 Qd2 26. Qe2
Qh6 27. Qf3 Nd2 28. Qg2 Nxf1 29. Qxf1 Qd2 30. a4 Re8 31. Rb1 Re2 32. Qg1 Qc2
33. Rb8+ Kg7 34. Qd4+ f6 35. Rb7+ Kg8 36. Qxd5+ Kh8 37. Qd8+ Re8 38. Qxe8# 1-0

[Event "Bayerische EM der Damen 2012"]
[Site "Bayerisch Eisenstein"]
[Date "2012.08.24"]
[Round "7.7"]
[White "Homfeldt, Claudia Laura"]
[Black "Nietzer, Ingrid"]
[Result "0-1"]
[WhiteElo "814"]
[BlackElo "1355"]
[PlyCount "142"]
[EventDate "2012.??.??"]
[WhiteTeam "SC Noris-Tarrasch Nürnberg 1873"]
[BlackTeam "SK Keres-Augsburg 1980"]

1. e4 e5 2. Nf3 Nc6 3. Bc4 Be7 4. Nc3 Nf6 5. d3 O-O 6. O-O h6 7. h3 d6 8. Nd5
Be6 9. Nxe7+ Qxe7 10. b3 a6 11. a4 Bxc4 12. bxc4 Rad8 13. Ra3 Nh7 14. h4 f5 15.
Re1 f4 16. Nh2 Qxh4 17. Nf3 Qe7 18. Kf1 Ng5 19. Nh4 Qf6 20. f3 Nxe4 21. dxe4
Qxh4 22. Ra2 Rf6 23. c3 Rg6 24. Rf2 b6 25. Qd5+ Kh7 26. Qxc6 Qe7 27. Qd5 Qd7
28. Qb7 a5 29. Qd5 Qxa4 30. Qf7 Rd7 31. Qd5 c6 32. Qd3 b5 33. cxb5 Qxb5 34. c4
Qa6 35. Bd2 Rb7 36. Rc1 a4 37. Ra1 Rb3 38. Bc3 a3 39. Raa2 Qb6 40. Ra1 Re6 41.
Re2 Re8 42. Qd2 Ra8 43. Ree1 Qc5 44. Qd3 a2 45. Red1 Qa3 46. Re1 Rxc3 47. Qd2
Ra4 48. c5 Qxc5 49. Rxa2 Qc4+ 50. Re2 Rc1+ 51. Kf2 Qc5+ 52. Re3 Rxa2 53. Qxa2
Rc2+ 54. Qxc2 Qxc2+ 55. Re2 Qd1 56. Re1 Qd2+ 57. Kf1 c5 58. g3 fxg3 59. Re2
Qd1+ 60. Re1 g2+ 61. Kf2 Qxe1+ 62. Kxg2 g5 63. f4 Qxe4+ 64. Kh3 Qxf4 65. Kg2
Qe3 66. Kf1 Kg6 67. Kg2 Kf5 68. Kf1 Kg4 69. Kg2 Qe2+ 70. Kg1 Kg3 71. Kh1 Qh2#
0-1

[Event "Bayerische EM der Damen 2012"]
[Site "Bayerisch Eisenstein"]
[Date "2012.08.25"]
[Round "8.1"]
[White "Ludwig, Ines"]
[Black "Dirmeier, Carolin"]
[Result "0-1"]
[WhiteElo "1716"]
[BlackElo "2044"]
[PlyCount "72"]
[EventDate "2012.??.??"]
[WhiteTeam "SC Mühlhof-Reichelsdorf e.V."]
[BlackTeam "TSV Wacker Neutraubling"]

1. d4 f5 2. e3 Nf6 3. Bd3 g6 4. Nd2 Bg7 5. f4 d6 6. Ngf3 O-O 7. O-O Nc6 8. c4
e6 9. Bb1 e5 10. d5 Ne7 11. fxe5 dxe5 12. Nxe5 Nfxd5 13. cxd5 Bxe5 14. Nc4 Bg7
15. d6 cxd6 16. Nxd6 Be6 17. a3 Qb6 18. Ba2 Bxa2 19. Rxa2 Rad8 20. Nc4 Rxd1 21.
Nxb6 Rxf1+ 22. Kxf1 axb6 23. b3 Rc8 24. Bd2 Kf7 25. Ke2 Ke6 26. Bb4 Nd5 27. Be1
Nc3+ 28. Bxc3 Rxc3 29. b4 Bh6 30. a4 Rxe3+ 31. Kf2 Rd3 32. Ke2 Rd4 33. b5 Kd5
34. Rc2 Rc4 35. Kd3 Rxc2 36. Kxc2 Kc4 0-1

[Event "Bayerische EM der Damen 2012"]
[Site "Bayerisch Eisenstein"]
[Date "2012.08.25"]
[Round "8.2"]
[White "Müller, Liliane"]
[Black "Lorenz, Oda"]
[Result "0-1"]
[WhiteElo "1679"]
[BlackElo "1870"]
[PlyCount "90"]
[EventDate "2012.??.??"]
[WhiteTeam "1.Schachklub Neuperlach e.V."]
[BlackTeam "Schachges. Augsburg 1873"]

1. d4 Nf6 2. c4 c5 3. e3 g6 4. Nf3 Bg7 5. Bd3 cxd4 6. exd4 O-O 7. O-O d6 8. Nc3
Nc6 9. a3 Bg4 10. Be3 Rc8 11. h3 Bd7 12. b4 e6 13. Rc1 a6 14. Qd2 Ne7 15. Rfd1
Nf5 16. Bxf5 exf5 17. c5 Ne4 18. Nxe4 fxe4 19. Nh2 Ba4 20. Re1 f5 21. Bh6 dxc5
22. Qa2+ Kh8 23. Bxg7+ Kxg7 24. dxc5 Qg5 25. Qb2+ Qf6 26. Qxf6+ Kxf6 27. f3 Bc6
28. fxe4 Bxe4 29. Rcd1 Rfd8 30. Nf1 Rd3 31. Rxd3 Bxd3 32. Rd1 Be4 33. Ne3 Re8
34. Nc4 Bc6 35. Kf2 Re4 36. Ne3 h5 37. g3 Ke5 38. h4 f4 39. Nf1 fxg3+ 40. Kxg3
Rg4+ 41. Kh3 Rg1 42. Kh2 Rg2+ 43. Kh3 Ra2 44. Re1+ Kf4 45. Re7 Bg2+ 0-1

[Event "Bayerische EM der Damen 2012"]
[Site "Bayerisch Eisenstein"]
[Date "2012.08.25"]
[Round "8.3"]
[White "Zwetz, Anita"]
[Black "Reichart, Barbara"]
[Result "1-0"]
[WhiteElo "1871"]
[BlackElo "1543"]
[PlyCount "63"]
[EventDate "2012.??.??"]
[WhiteTeam "TSV Kareth-Lappersdorf"]
[BlackTeam "SC Gröbenzell"]

1. d4 Nf6 2. Bg5 e6 3. e4 h6 4. Bxf6 Qxf6 5. Nf3 b6 6. Bd3 Bb7 7. Nbd2 c5 8. e5
Qd8 9. c3 Nc6 10. a3 d6 11. Qe2 Be7 12. O-O O-O 13. Rad1 Qc7 14. Qe4 g6 15. Qf4
Kh7 16. Qg3 d5 17. Nh4 Bxh4 18. Qxh4 Qe7 19. Qg4 cxd4 20. cxd4 Qg5 21. Qxg5
hxg5 22. Nf3 g4 23. Ng5+ Kh6 24. f4 gxf3 25. Nxf3 Ne7 26. g4 Kg7 27. Ng5 Ng8
28. Rf4 Rac8 29. Rdf1 Rc7 30. Nxe6+ fxe6 31. Rxf8 Nh6 32. R1f6 1-0

[Event "Bayerische EM der Damen 2012"]
[Site "Bayerisch Eisenstein"]
[Date "2012.08.25"]
[Round "8.4"]
[White "Nietzer, Ingrid"]
[Black "Heyne, Regina"]
[Result "0-1"]
[WhiteElo "1355"]
[BlackElo "1804"]
[PlyCount "58"]
[EventDate "2012.??.??"]
[WhiteTeam "SK Keres-Augsburg 1980"]
[BlackTeam "FC Bayern München e.V."]

1. d4 d5 2. e3 Nf6 3. Nf3 e6 4. c4 Be7 5. Nc3 O-O 6. cxd5 exd5 7. Bd3 Re8 8.
O-O Nbd7 9. h3 Nf8 10. b3 Be6 11. Ng5 c6 12. Nxe6 fxe6 13. f4 b6 14. f5 exf5
15. Bxf5 Bd6 16. Qf3 Bc7 17. Bd2 Ne6 18. Bxe6+ Rxe6 19. Rae1 Qd6 20. Qf4 Qe7
21. Qf3 Rf8 22. g4 h6 23. Qf5 Nh7 24. Qd3 Rxf1+ 25. Rxf1 Ng5 26. Kg2 Qd6 27.
Rh1 Qg3+ 28. Kf1 Qf3+ 29. Ke1 Bg3# 0-1

[Event "Bayerische EM der Damen 2012"]
[Site "Bayerisch Eisenstein"]
[Date "2012.08.25"]
[Round "8.5"]
[White "Zürner, Bianca"]
[Black "Roos, Karin"]
[Result "0-1"]
[WhiteElo "1514"]
[BlackElo "1781"]
[PlyCount "116"]
[EventDate "2012.??.??"]
[WhiteTeam "SV Thiersheim"]
[BlackTeam "FC Bayern München e.V."]

1. d4 Nf6 2. Nf3 g6 3. g3 Bg7 4. Bg2 c5 5. c3 cxd4 6. Nxd4 O-O 7. O-O Nc6 8.
Nxc6 dxc6 9. Nd2 Qa5 10. Nf3 Rd8 11. Qb3 Qd5 12. Qxd5 Nxd5 13. Rd1 Bg4 14. h3
Bxf3 15. Bxf3 f5 16. Bxd5+ cxd5 17. Bg5 Kf7 18. Rd3 h6 19. Be3 b6 20. Rad1 e6
21. c4 Bxb2 22. cxd5 Bf6 23. dxe6+ Kxe6 24. Rxd8 Rxd8 25. Rxd8 Bxd8 26. Bxh6
Bf6 27. Kf1 Kd5 28. Ke1 b5 29. h4 Be5 30. Bf8 Kc4 31. Kd2 b4 32. Kc2 Bc3 33. f3
Be1 34. Bd6 a5 35. e4 fxe4 36. fxe4 a4 37. Bf4 Kd4 38. e5 Kd5 39. Kb2 Bc3+ 40.
Kc2 Bxe5 41. Bxe5 Kxe5 42. Kd3 Kf5 43. Kc4 b3 44. axb3 axb3 45. Kxb3 Kg4 46.
Kc3 Kxg3 47. Kd3 Kxh4 48. Ke2 Kg3 49. Kf1 Kh2 50. Kf2 g5 51. Kf3 Kh3 52. Kf2 g4
53. Kg1 Kg3 54. Kh1 Kf2 55. Kh2 g3+ 56. Kh1 g2+ 57. Kh2 g1=Q+ 58. Kh3 Qg3# 0-1

[Event "Bayerische EM der Damen 2012"]
[Site "Bayerisch Eisenstein"]
[Date "2012.08.25"]
[Round "8.6"]
[White "Janekovic, Vera"]
[Black "Homfeldt, Maren"]
[Result "1-0"]
[WhiteElo "1643"]
[BlackElo "836"]
[PlyCount "79"]
[EventDate "2012.??.??"]
[WhiteTeam "FC Bayern München e.V."]
[BlackTeam "SC Noris-Tarrasch Nürnberg 1873"]

1. e4 g6 2. d4 Bg7 3. Nf3 h6 4. Bd3 e6 5. Nc3 a6 6. Be3 Ne7 7. Qd2 d6 8. O-O
Nd7 9. Ne1 b6 10. f4 Bb7 11. Nf3 Nc6 12. a3 Qe7 13. d5 Nd8 14. dxe6 Nxe6 15. f5
Nec5 16. Bxc5 Nxc5 17. Rae1 Nxd3 18. Qxd3 Bxc3 19. Qxc3 O-O-O 20. f6 Qe6 21. e5
Bxf3 22. exd6 Qxd6 23. Qxf3 Qc5+ 24. Kh1 Qd5 25. Qg4+ Rd7 26. Rd1 Qg5 27. Qxd7+
Kb8 28. Qxf7 Rc8 29. Qe6 Kb7 30. f7 Qc5 31. Qd5+ Qxd5 32. Rxd5 Rf8 33. Rd7 Kc6
34. Re7 Kd6 35. Re8 Rxe8 36. fxe8=Q g5 37. Rd1+ Kc5 38. Qe6 c6 39. Qe5+ Kc4 40.
Rd4# 1-0

[Event "Bayerische EM der Damen 2012"]
[Site "Bayerisch Eisenstein"]
[Date "2012.08.25"]
[Round "8.7"]
[White "Stegmaier, Erika"]
[Black "Homfeldt, Claudia Laura"]
[Result "1-0"]
[WhiteElo "1560"]
[BlackElo "814"]
[PlyCount "69"]
[EventDate "2012.??.??"]
[WhiteTeam "1.Schachklub Neuperlach e.V."]
[BlackTeam "SC Noris-Tarrasch Nürnberg 1873"]

1. c4 Nf6 2. g3 Nc6 3. Bg2 d6 4. Nc3 e6 5. e3 Be7 6. d4 O-O 7. Nge2 h6 8. O-O
e5 9. d5 Na5 10. b3 b6 11. Qc2 Nb7 12. Bb2 Nc5 13. b4 Na6 14. a3 c5 15. bxc5
Nxc5 16. Rac1 Nb7 17. Ne4 Ne8 18. f4 exf4 19. exf4 a6 20. f5 f6 21. Nd4 Nc5 22.
Nxc5 dxc5 23. Ne6 Bxe6 24. fxe6 Nd6 25. Rf4 b5 26. cxb5 Nxb5 27. Rg4 Nc7 28.
Qg6 Ne8 29. Be4 f5 30. Bxf5 Rxf5 31. Qxf5 c4 32. Qf7+ Kh8 33. Bxg7+ Kh7 34.
Bd4+ Ng7 35. Qxg7# 1-0

[Event "Bayerische EM der Damen 2012"]
[Site "Bayerisch Eisenstein"]
[Date "2012.08.26"]
[Round "9.1"]
[White "Dirmeier, Carolin"]
[Black "Stegmaier, Erika"]
[Result "1-0"]
[WhiteElo "2044"]
[BlackElo "1560"]
[PlyCount "71"]
[EventDate "2012.??.??"]
[WhiteTeam "TSV Wacker Neutraubling"]
[BlackTeam "1.Schachklub Neuperlach e.V."]

1. e4 c5 2. Nf3 Nc6 3. d4 cxd4 4. Nxd4 a6 5. Nc3 Nf6 6. Be3 d6 7. Be2 e6 8. O-O
Be7 9. Kh1 e5 10. Nb3 O-O 11. f4 exf4 12. Bxf4 Ne5 13. Qe1 Bg4 14. Rd1 Bxe2 15.
Qxe2 Qc8 16. h3 Rd8 17. Nd4 Ng6 18. Bh2 Qc5 19. Nf5 Rd7 20. Nd5 Nxd5 21. Rxd5
Qc6 22. Rfd1 Rad8 23. c4 b6 24. b3 a5 25. Qd2 Bf8 26. e5 h6 27. exd6 a4 28.
Ne7+ Nxe7 29. dxe7 Bxe7 30. Rxd7 Rxd7 31. Qxd7 Qf6 32. Bd6 Bxd6 33. Qxd6 Qb2
34. Qxb6 Qe2 35. Qd8+ Kh7 36. Qd3+ 1-0

[Event "Bayerische EM der Damen 2012"]
[Site "Bayerisch Eisenstein"]
[Date "2012.08.26"]
[Round "9.2"]
[White "Lorenz, Oda"]
[Black "Nietzer, Ingrid"]
[Result "1-0"]
[WhiteElo "1870"]
[BlackElo "1355"]
[PlyCount "47"]
[EventDate "2012.??.??"]
[WhiteTeam "Schachges. Augsburg 1873"]
[BlackTeam "SK Keres-Augsburg 1980"]

1. e4 e5 2. Nf3 Nc6 3. Bb5 d6 4. O-O Bd7 5. c3 Nf6 6. Re1 Be7 7. d4 exd4 8.
cxd4 O-O 9. Nbd2 a6 10. Ba4 b5 11. Bc2 Bg4 12. Nb3 Re8 13. h3 Bh5 14. Bf4 Nd7
15. Rc1 Bf6 16. Bb1 a5 17. Rxc6 a4 18. Nc1 Bxf3 19. gxf3 Nb6 20. Qd3 Nc4 21. e5
dxe5 22. Qxh7+ Kf8 23. dxe5 Bxe5 24. Rxc4 1-0

[Event "Bayerische EM der Damen 2012"]
[Site "Bayerisch Eisenstein"]
[Date "2012.08.26"]
[Round "9.3"]
[White "Zwetz, Anita"]
[Black "Müller, Liliane"]
[Result "1-0"]
[WhiteElo "1871"]
[BlackElo "1679"]
[PlyCount "101"]
[EventDate "2012.??.??"]
[WhiteTeam "TSV Kareth-Lappersdorf"]
[BlackTeam "1.Schachklub Neuperlach e.V."]

1. d4 e6 2. Nf3 d5 3. Bg5 Nf6 4. e3 Be7 5. Bd3 Nbd7 6. Nbd2 c5 7. c3 c4 8. Bc2
b5 9. Qe2 Bb7 10. Bxf6 Nxf6 11. Ne5 O-O 12. Qf3 a5 13. O-O Nd7 14. Qh3 f5 15.
Ndf3 Nxe5 16. Nxe5 Rf6 17. f4 Rh6 18. Qf3 Qe8 19. Bd1 Bd6 20. h3 Bxe5 21. dxe5
Qe7 22. Qf2 a4 23. a3 Bc6 24. Kh2 Kh8 25. Rg1 Rg8 26. Bf3 g5 27. g4 fxg4 28.
Rxg4 gxf4 29. Rxg8+ Kxg8 30. Rg1+ Rg6 31. Rxg6+ hxg6 32. exf4 Kg7 33. Qg3 Be8
34. h4 Kh7 35. Bg4 Bf7 36. Kh3 Qa7 37. Kg2 d4 38. Qf2 Be8 39. cxd4 Bc6+ 40. Kg3
Bd5 41. Qd2 Qb6 42. h5 Be4 43. Qh2 Kg7 44. Qh4 Qxd4 45. Qf6+ Kh7 46. Qf7+ Kh6
47. Qf8+ Kh7 48. h6 Qd7 49. Bxe6 Qd3+ 50. Kh4 g5+ 51. fxg5 1-0

[Event "Bayerische EM der Damen 2012"]
[Site "Bayerisch Eisenstein"]
[Date "2012.08.26"]
[Round "9.4"]
[White "Homfeldt, Maren"]
[Black "Heyne, Regina"]
[Result "0-1"]
[WhiteElo "836"]
[BlackElo "1804"]
[PlyCount "58"]
[EventDate "2012.??.??"]
[WhiteTeam "SC Noris-Tarrasch Nürnberg 1873"]
[BlackTeam "FC Bayern München e.V."]

1. g3 d5 2. Bg2 e5 3. e3 Nf6 4. h3 Bc5 5. Ne2 O-O 6. b3 Re8 7. Bb2 Bb6 8. d3 c5
9. Nd2 Nc6 10. a3 Bc7 11. Nc3 b6 12. Qe2 Bb7 13. O-O-O a6 14. Rde1 d4 15. Nd1
b5 16. Ne4 Nxe4 17. Bxe4 a5 18. Qf3 Qd7 19. Bf5 Qd6 20. e4 a4 21. Qg4 Na5 22.
Kb1 axb3 23. c3 dxc3 24. Nxc3 Qxd3+ 25. Ka1 Nc4 26. Nxb5 Nxb2 27. Nxc7 Rxa3+
28. Kxb2 Qc2+ 29. Kxa3 Qa2# 0-1

[Event "Bayerische EM der Damen 2012"]
[Site "Bayerisch Eisenstein"]
[Date "2012.08.26"]
[Round "9.5"]
[White "Roos, Karin"]
[Black "Homfeldt, Claudia Laura"]
[Result "1-0"]
[WhiteElo "1781"]
[BlackElo "814"]
[PlyCount "61"]
[EventDate "2012.??.??"]
[WhiteTeam "FC Bayern München e.V."]
[BlackTeam "SC Noris-Tarrasch Nürnberg 1873"]

1. e4 d5 2. exd5 Qxd5 3. Nf3 Nf6 4. c4 Qe5+ 5. Nxe5 e6 6. d4 Bb4+ 7. Bd2 Bxd2+
8. Nxd2 b6 9. Qa4+ Nbd7 10. d5 exd5 11. cxd5 O-O 12. Nxd7 Bxd7 13. Bb5 Bxb5 14.
Qxb5 a6 15. Qc6 Ra7 16. Nf3 Rd8 17. Rd1 Rd6 18. Qa4 h6 19. O-O Ne4 20. Qxe4 Rd8
21. Qe7 Rf8 22. d6 Raa8 23. dxc7 Rfe8 24. Qxe8+ Rxe8 25. Rd8 Rxd8 26. cxd8=Q+
Kh7 27. Re1 b5 28. Re8 a5 29. Ne5 g6 30. Qf6 h5 31. Qh8# 1-0

[Event "Bayerische EM der Damen 2012"]
[Site "Bayerisch Eisenstein"]
[Date "2012.08.26"]
[Round "9.6"]
[White "Zürner, Bianca"]
[Black "Janekovic, Vera"]
[Result "1/2-1/2"]
[WhiteElo "1514"]
[BlackElo "1643"]
[PlyCount "91"]
[EventDate "2012.??.??"]
[WhiteTeam "SV Thiersheim"]
[BlackTeam "FC Bayern München e.V."]

1. d4 d6 2. g3 g6 3. Bg2 Bg7 4. Nf3 Nf6 5. O-O O-O 6. b3 c5 7. Bb2 cxd4 8. Bxd4
e5 9. Bb2 Re8 10. Nbd2 e4 11. Nd4 d5 12. e3 Nc6 13. f3 exf3 14. Nxc6 bxc6 15.
Qxf3 Bf5 16. h3 h5 17. c4 Ne4 18. Bxg7 Nxd2 19. Qf4 f6 20. Rfd1 Kxg7 21. Rxd2
Be4 22. Re1 Qa5 23. Ree2 Rad8 24. Rf2 f5 25. g4 hxg4 26. hxg4 Bxg2 27. Kxg2
dxc4 28. Rxd8 Rxd8 29. gxf5 Rf8 30. f6+ Kf7 31. Qxc4+ Qd5+ 32. Qxd5+ cxd5 33.
Kg3 Ke6 34. f7 Rxf7 35. Rxf7 Kxf7 36. a4 a5 37. Kf4 Kf6 38. e4 dxe4 39. Kxe4
Ke6 40. Kd4 Kd6 41. Kc4 Kc6 42. b4 axb4 43. Kxb4 g5 44. Kc4 g4 45. Kd3 g3 46.
Ke3 1/2-1/2

[Event "Bayerische EM der Damen 2012"]
[Site "Bayerisch Eisenstein"]
[Date "2012.08.26"]
[Round "9.7"]
[White "Reichart, Barbara"]
[Black "Ludwig, Ines"]
[Result "1-0"]
[WhiteElo "1543"]
[BlackElo "1716"]
[PlyCount "155"]
[EventDate "2012.??.??"]
[WhiteTeam "SC Gröbenzell"]
[BlackTeam "SC Mühlhof-Reichelsdorf e.V."]

1. d4 d5 2. Bf4 e6 3. Nf3 Bd6 4. Bxd6 Qxd6 5. c3 Nd7 6. e3 f5 7. Bd3 Ngf6 8.
Nbd2 O-O 9. Qe2 Ne4 10. O-O-O c5 11. h3 c4 12. Bc2 e5 13. g4 Nxd2 14. Qxd2 e4
15. Nh4 f4 16. Nf5 fxe3 17. Qxe3 Qf6 18. Rh2 Nb6 19. Ng3 Qh4 20. Rhh1 Rf3 21.
Qe1 Bd7 22. Rd2 e3 23. fxe3 Qxg3 24. Qd1 Rxe3 25. Qf1 Rae8 26. Rd1 Rf8 27.
Bxh7+ Kxh7 28. Qxf8 Rf3 29. Qe7 Ba4 30. Rde1 Rxc3+ 31. Kb1 Rc2 32. Re2 Rxe2 33.
Qxe2 Qd3+ 34. Qxd3+ cxd3 35. b3 Bc6 36. Kc1 Nd7 37. Kd2 Bb5 38. a4 Ba6 39. b4
Bc4 40. g5 Nf8 41. Re1 Ng6 42. Rf1 Kg8 43. Rf2 a6 44. a5 Ne7 45. h4 Nc6 46. Kc3
g6 47. Rh2 Ne7 48. Rf2 Kg7 49. Rf3 Nc6 50. Rf2 Ne7 51. Rf1 Nc8 52. Rf6 Na7 53.
Rb6 Nb5+ 54. Kd2 Nxd4 55. Rxb7+ Kf8 56. Rb8+ Ke7 57. Rb7+ Kd8 58. Rb8+ Kc7 59.
Rf8 Nb3+ 60. Kd1 d2 61. h5 gxh5 62. g6 d4 63. g7 Be6 64. Rf4 Kd7 65. Re4 Bg8
66. Rf4 Ke7 67. Rf8 Be6 68. g8=Q Bg4+ 69. Qxg4 hxg4 70. Rg8 Kf6 71. Rxg4 Kf5
72. Rg3 Nc1 73. Kxd2 Na2 74. Rb3 Ke5 75. b5 axb5 76. Rxb5+ Kd6 77. a6 Nc3 78.
Ra5 1-0